Filosofía del derecho.
Salvato in:
| Autore principale: | |
|---|---|
| Natura: | Libro |
| Pubblicazione: |
Barcelona, España:
Bosch,
1972.
|
| Edizione: | Tercera edición revisada y aumentada. |
| Soggetti: | |
| Tags: |
Aggiungi Tag
Nessun Tag, puoi essere il primo ad aggiungerne!!
|
MARC
| LEADER | 00000nam a22000007a 4500 | ||
|---|---|---|---|
| 003 | CL-VaPUC | ||
| 005 | 20220822114754.0 | ||
| 008 | 220801t1972 ||||| |||| 00| 0 eng d | ||
| 999 | |c 437810 |d 437808 | ||
| 040 | |c Pontificia Universidad Católica de Valparaíso | ||
| 082 | 0 | 4 | |a 340.1 LEG 1972 |2 21 |
| 100 | |a Legaz y Lacambra, Luis |e autor |9 874483 | ||
| 245 | 1 | 0 | |a Filosofía del derecho. |
| 250 | |a Tercera edición revisada y aumentada. | ||
| 260 | |a Barcelona, España: |b Bosch, |c 1972. | ||
| 300 | |a 868 páginas. | ||
| 500 | |a c.1 Donación Familia Prof. Alejandro Guzmán Brito. | ||
| 583 | |a last modification |c 20050527 00:00:00 |k Cristina María Rojas Aguilar | ||
| 650 | 0 | |a Teoría del derecho |9 255982 | |
| 650 | 0 | |a Filosofía del derecho |9 255050 | |
| 942 | |c BK |2 ddc |n 0 | ||
| 952 | |0 0 |1 0 |2 ddc |4 0 |6 340_100000000000000_LEG_1972 |7 0 |8 C_AGB |9 585639 |a BIBDER |b BIBDER |d 2022-08-01 |e Donación |i 5653656 |o 340.1 LEG 1972 |p 5653656 |r 2023-01-25 |t 1 |w 2022-08-01 |y BK_US |k AGB | ||